00289nam a2200109Ia 4500008004100000100003700041245003300078260002400111650002000135942000700155999001700162190216s9999||||xx |||||||||||||| ||und|| aSmullyan Dietrachson Keys Miller 3aAn Introduction To Phyiology bPrentice Hall India aEnglish General cBK c11598d11598